[Event "GRE-chT 46th"]
[Site "Rio Achaia"]
[Date "2018.07.15"]
[Round "7.7"]
[White "Markidis, Konstantinos"]
[Black "Tsanas, Athanasios"]
[Result "1/2-1/2"]
[WhiteElo "2329"]
[BlackElo "2302"]
[PlyCount "49"]
[EventDate "2018.07.10"]
[EventType "team"]
[EventRounds "7"]
[EventCountry "GRE"]
[SourceTitle "CBM 185 Extra"]
[Source "ChessBase"]
[SourceDate "2018.07.29"]
[SourceVersion "1"]
[SourceVersionDate "2018.07.29"]
[SourceQuality "1"]
[WhiteTeam "Alexandropulis Mas National"]
[BlackTeam "Zone of Glyfada"]
[WhiteTeamCountry "GRE"]
[BlackTeamCountry "GRE"]

1. e4 c5 2. Nf3 d6 3. Bb5+ Nd7 4. c3 Ngf6 5. Bd3 Ne5 6. Nxe5 dxe5 7. Qe2 g6 8. Bc4 Bg7 9. 0-0 0-0 10. d3 Nh5 11. Be3 b6 12. a4 Bb7 13. g3 Qd7 14. Nd2 h6 15. Nf3 Kh7 16. Nh4 Qh3 17. f3 Qd7 18. Ng2 f5 19. Bb5 Qd6 20. Rad1 Rad8 21. Bc1 e6 22. Bc4 Qc6 23. Bb5 Qd6 24. Bc4 Qc6 25. Bb5 1/2-1/2

[Event "GRE-chT 46th"]
[Site "Rio Achaia"]
[Date "2018.07.14"]
[Round "6.9"]
[White "Tsanas, Athanasios"]
[Black "Gouloutis, Nikolaos"]
[Result "0-1"]
[WhiteElo "2302"]
[BlackElo "2382"]
[PlyCount "82"]
[EventDate "2018.07.10"]
[EventType "team"]
[EventRounds "7"]
[EventCountry "GRE"]
[SourceTitle "CBM 185 Extra"]
[Source "ChessBase"]
[SourceDate "2018.07.29"]
[SourceVersion "1"]
[SourceVersionDate "2018.07.29"]
[SourceQuality "1"]
[WhiteTeam "Zone of Glyfada"]
[BlackTeam "My Mountains"]
[WhiteTeamCountry "GRE"]
[BlackTeamCountry "GRE"]

1. Nf3 Nf6 2. c4 e6 3. g3 d5 4. Bg2 d4 5. e3 c5 6. exd4 cxd4 7. 0-0 Nc6 8. Re1 Bd6 9. d3 h6 10. b3 0-0 11. Ba3 a5 12. Bxd6 Qxd6 13. Qc1 Qc5 14. Na3 e5 15. Nb5 Bf5 16. Qd2 Rad8 17. a3 e4 18. Nh4 exd3 19. Nxf5 Qxf5 20. Rad1 Ne5 21. h3 Nf3+ 22. Bxf3 Qxf3 23. Qxd3 Qh5 24. Kg2 Rd7 25. Rd2 Qc5 26. Red1 Rfd8 27. Re1 Nh7 28. f4 Nf8 29. Re5 Qc6+ 30. Qf3 a4 31. bxa4 Qxc4 32. f5 Nh7 33. Qd1 Ng5 34. Rd3 f6 35. Re1 Qd5+ 36. Kh2 Qxf5 37. g4 Qf4+ 38. Kg2 Nf7 39. Qb3 Kh8 40. Qd1 Ne5 41. Rg3 Rc8 0-1

[Event "GRE-chT 44th"]
[Site "Achaia"]
[Date "2016.07.08"]
[Round "5.9"]
[White "Dimitrov, Atanas Valtchev"]
[Black "Tsanas, Athanasios"]
[Result "1/2-1/2"]
[WhiteElo "2306"]
[BlackElo "2292"]
[PlyCount "120"]
[EventDate "2016.07.05"]
[EventType "team-swiss"]
[EventRounds "7"]
[EventCountry "GRE"]
[SourceTitle "CBM 173 Extra"]
[Source "ChessBase"]
[SourceDate "2016.08.29"]
[SourceVersion "1"]
[SourceVersionDate "2016.08.29"]
[SourceQuality "1"]
[WhiteTeam "Alexandroupolis Ethnikos"]
[BlackTeam "Glyfadas Zenon"]
[WhiteTeamCountry "GRE"]
[BlackTeamCountry "GRE"]

1. d4 Nf6 2. Nf3 g6 3. g3 Bg7 4. Bg2 0-0 5. 0-0 d6 6. Nc3 Nbd7 7. e4 e5 8. Re1 c6 9. a4 Qc7 10. h3 Re8 11. a5 Rb8 12. d5 cxd5 13. exd5 a6 14. Ne4 b6 15. axb6 Rxb6 16. b3 Nxe4 17. Rxe4 Nf6 18. Rc4 Qd8 19. Be3 Rb5 20. Nh2 Bb7 21. Ng4 Nxd5 22. Bh6 f5 23. Bxg7 Kxg7 24. Nh2 Qf6 25. Qd2 Re7 26. Nf1 f4 27. Re1 Nb6 28. Rb4 Bxg2 29. Kxg2 Rf7 30. Rxb5 axb5 31. gxf4 exf4 32. Nh2 h5 33. Nf3 Nc8 34. Qd5 Ne7 35. Qxb5 Nf5 36. Qd5 Nh4+ 37. Nxh4 Qxh4 38. Qf3 Qg5+ 39. Kh2 Kh7 40. Re6 Qf5 41. Qe4 Qxe4 42. Rxe4 Rc7 43. c4 Rb7 44. Rd4 Rxb3 45. Rxd6 Rc3 46. Rd4 g5 47. h4 Kg6 48. Kg2 gxh4 49. Rxf4 Kg5 50. Rd4 h3+ 51. Kh2 Rc2 52. Kg3 h2 53. Kxh2 Rxf2+ 54. Kg3 Rc2 55. Rd5+ Kf6 56. c5 Ke6 57. Rxh5 Kd7 58. Kf3 Kc6 59. Ke4 Rc4+ 60. Kd3 Rxc5 1/2-1/2

[Event "British Universities-ch"]
[Site "Oxford"]
[Date "2010.02.28"]
[Round "5.9"]
[White "Tsanas, Athanasios"]
[Black "Russell, Christopher"]
[Result "1-0"]
[WhiteElo "2207"]
[BlackElo "2005"]
[PlyCount "71"]
[EventDate "2010.02.27"]
[EventType "team-swiss"]
[EventRounds "5"]
[EventCountry "ENG"]
[SourceTitle "EXT 2023"]
[Source "ChessBase"]
[SourceDate "2022.10.05"]
[SourceVersion "1"]
[SourceVersionDate "2022.10.05"]
[SourceQuality "1"]
[WhiteTeam "Oxford"]
[BlackTeam "Warwick"]
[WhiteTeamCountry "ENG"]
[BlackTeamCountry "ENG"]

1. e4 e6 2. d3 d5 3. Qe2 dxe4 4. dxe4 e5 5. Nf3 Bd6 6. g3 Ne7 7. Bg2 c6 8. 0-0 Qc7 9. Nbd2 b5 10. a4 a6 11. b3 0-0 12. Bb2 f6 13. c4 Bd7 14. Rfc1 Qa7 15. Ne1 Kh8 16. Nd3 Qb7 17. axb5 cxb5 18. c5 Bc7 19. Nb4 Nbc6 20. Nd5 Be6 21. Nf1 Bd8 22. Nfe3 Rc8 23. Nf5 Bxf5 24. exf5 Nxf5 25. Qg4 Nfe7 26. Rd1 Nxd5 27. Rxd5 Be7 28. Qe6 Rc7 29. Rad1 Rfc8 30. Rd7 Bf8 31. Bd5 Bxc5 32. Rxc7 Qxc7 33. Qxc6 Qb8 34. Qxa6 Bb6 35. Rc1 Rd8 36. Qb7 1-0

[Event "Athens Acropolis op"]
[Site "Athens"]
[Date "2006.08.18"]
[Round "6"]
[White "Kharlampidi, Tengiz"]
[Black "Tsanas, Athanasios"]
[Result "0-1"]
[WhiteElo "2181"]
[BlackElo "2286"]
[PlyCount "104"]
[EventDate "2006.08.13"]
[EventType "swiss"]
[EventRounds "9"]
[EventCountry "GRE"]
[SourceTitle "CBM 113 Extra"]
[Source "ChessBase"]
[SourceDate "2006.09.14"]
[SourceVersion "1"]
[SourceVersionDate "2006.09.14"]
[SourceQuality "1"]

1. e4 c5 2. Nc3 Nc6 3. f4 g6 4. Nf3 Bg7 5. Bc4 e6 6. f5 Nge7 7. fxe6 fxe6 8. d3 d5 9. Bb5 0-0 10. Bxc6 Nxc6 11. 0-0 Nd4 12. Kh1 Nxf3 13. Rxf3 d4 14. Rxf8+ Qxf8 15. Ne2 e5 16. Kg1 Be6 17. b3 b5 18. a4 c4 19. bxc4 bxc4 20. c3 dxc3 21. Ba3 Qd8 22. dxc4 Qxd1+ 23. Rxd1 c2 24. Rc1 Bxc4 25. Rxc2 Bd3 26. Rd2 Bxe4 27. Nc3 Bf5 28. Nd5 Kf7 29. Nc7 Rc8 30. Nb5 Rc2 31. Rxc2 Bxc2 32. Nxa7 Bxa4 33. Nc8 Ke6 34. Nd6 Kd5 35. Kf2 e4 36. h3 Bd4+ 37. Ke1 Bc3+ 38. Kf2 Bd4+ 39. Ke1 Be5 40. Nf7 Bf4 41. Bb4 Be8 42. Nd8 e3 43. Ke2 Ke4 44. Be1 Bb5+ 45. Kd1 Kd3 46. Kc1 e2+ 47. Kb2 Bd2 48. Bg3 e1Q 49. Bxe1 Bxe1 50. Ne6 Bc3+ 51. Kc1 Bc4 52. Ng5 Bd2+ 0-1

[Event "Aegean op 29th"]
[Site "Aghios Kirykos"]
[Date "2006.07.19"]
[Round "9"]
[White "Svetushkin, Dmitry"]
[Black "Tsanas, Athanasios"]
[Result "1-0"]
[WhiteElo "2569"]
[BlackElo "2286"]
[PlyCount "71"]
[EventDate "2006.07.12"]
[EventType "swiss"]
[EventRounds "9"]
[EventCountry "GRE"]
[SourceTitle "CBM 113 Extra"]
[Source "ChessBase"]
[SourceDate "2006.09.14"]
[SourceVersion "1"]
[SourceVersionDate "2006.09.14"]
[SourceQuality "1"]

1. d4 Nf6 2. c4 g6 3. Nc3 Bg7 4. e4 d6 5. f3 0-0 6. Nge2 c5 7. d5 e6 8. Ng3 exd5 9. cxd5 Na6 10. Be2 Nc7 11. 0-0 a6 12. a4 Rb8 13. Bg5 h6 14. Be3 b5 15. Qd2 Kh7 16. axb5 axb5 17. b4 Na6 18. bxc5 Nxc5 19. Rab1 b4 20. Nb5 b3 21. Rfc1 b2 22. Rxb2 h5 23. Nd4 Rxb2 24. Qxb2 Re8 25. Nc6 Nxd5 26. Qxg7+ Kxg7 27. Bd4+ Qf6 28. exd5 Re5 29. Rxc5 Kh7 30. Bxe5 dxe5 31. Ne4 Qf4 32. Rc3 f5 33. g3 Qh6 34. Nxe5 Qf8 35. Ng5+ Kh6 36. Rc6 1-0

[Event "Athens Acropolis op"]
[Site "Athens"]
[Date "2005.03.07"]
[Round "2"]
[White "Tsanas, Athanasios"]
[Black "Georgiadis, Ioannis"]
[Result "1/2-1/2"]
[WhiteElo "2289"]
[BlackElo "2200"]
[PlyCount "27"]
[EventDate "2005.03.06"]
[EventType "swiss"]
[EventRounds "9"]
[EventCountry "GRE"]
[SourceTitle "CBM 105 Extra"]
[Source "ChessBase"]
[SourceDate "2005.05.01"]
[SourceVersion "1"]
[SourceVersionDate "2005.05.01"]
[SourceQuality "1"]

1. e4 d6 2. d4 Nf6 3. Nc3 c6 4. Be3 Qc7 5. h3 Nbd7 6. Nf3 e5 7. Bd3 Be7 8. 0-0 0-0 9. a4 Re8 10. Re1 Bf8 11. Bg5 h6 12. Bh4 g6 13. dxe5 dxe5 14. a5 1/2-1/2

[Event "GRE-ch"]
[Site "Athens"]
[Date "2004.12.07"]
[Round "4"]
[White "Tsanas, Athanasios"]
[Black "Mastrovasilis, Athanasios"]
[Result "0-1"]
[WhiteElo "2283"]
[BlackElo "2502"]
[PlyCount "108"]
[EventDate "2004.12.04"]
[EventType "tourn"]
[EventRounds "9"]
[EventCountry "GRE"]
[EventCategory "10"]
[SourceTitle "CBM 105"]
[Source "ChessBase"]
[SourceDate "2005.04.11"]
[SourceVersion "1"]
[SourceVersionDate "2005.04.11"]
[SourceQuality "1"]

1. e4 e5 2. Nf3 Nc6 3. Bb5 a6 4. Ba4 Nf6 5. 0-0 Be7 6. Re1 d6 7. c3 Bg4 8. d3 Nd7 9. Be3 h6 10. Nbd2 Bg5 11. Bxc6 bxc6 12. d4 Bxe3 13. Rxe3 0-0 14. h3 Bxf3 15. Nxf3 Re8 16. dxe5 Nxe5 17. Nxe5 Rxe5 18. Qd4 c5 19. Qd3 Qb8 20. b3 Qb6 21. Rae1 Rae8 22. R1e2 Qb5 23. c4 Qb4 24. Kh2 R5e6 25. Kg1 a5 26. Kh2 a4 27. Kg1 axb3 28. axb3 Qa3 29. Kh2 Qa1 30. g3 Qf1 31. Qc2 Rf6 32. f4 Qa1 33. Kg2 Rfe6 34. Re1 Qa8 35. Kf2 Qc8 36. Qd3 R6e7 37. Kg2 Qb7 38. Kf2 Ra8 39. e5 dxe5 40. Rxe5 Rxe5 41. Rxe5 g6 42. Qf3 Qc8 43. Kg2 Qd8 44. Rd5 Ra2+ 45. Kf1 Qa8 46. Rd3 Ra1+ 47. Ke2 Qa2+ 48. Rd2 Qb1 49. f5 Qe1+ 50. Kd3 Rb1 51. Qe2 Rxb3+ 52. Ke4 Qb1+ 53. Kd5 Qxf5+ 54. Qe5 Qd7+ 0-1

[Event "Kallithea op"]
[Site "Kallithea"]
[Date "2004.09.12"]
[Round "5"]
[White "Tsanas, Athanasios"]
[Black "Vazelakis, Dimitrios"]
[Result "1-0"]
[WhiteElo "2283"]
[BlackElo "2100"]
[PlyCount "57"]
[EventDate "2004.09.09"]
[EventType "swiss"]
[EventRounds "9"]
[EventCountry "GRE"]
[SourceTitle "EXT 2006"]
[Source "ChessBase"]
[SourceDate "2005.11.24"]
[SourceVersion "1"]
[SourceVersionDate "2005.11.24"]
[SourceQuality "1"]

1. c4 g6 2. g3 Bg7 3. Bg2 e5 4. Nc3 d6 5. e4 Nf6 6. d3 Nbd7 7. Nge2 0-0 8. 0-0 c6 9. h3 Ne8 10. Be3 f5 11. exf5 Rxf5 12. d4 Rf8 13. f4 exd4 14. Nxd4 Nc5 15. Qd2 Ne6 16. Rad1 Nf6 17. Nf3 d5 18. cxd5 cxd5 19. Ng5 Qa5 20. Nxd5 Qxd2 21. Rxd2 Nxd5 22. Bxd5 Re8 23. Rc1 h6 24. Rxc8 Raxc8 25. Bxe6+ Kh8 26. Nf7+ Kh7 27. Bxc8 Rxe3 28. Kf2 Re8 29. Bxb7 1-0

[Event "Kallithea op"]
[Site "Kallithea"]
[Date "2004.09.09"]
[Round "1"]
[White "Tsanas, Athanasios"]
[Black "Ntovas, Dimitrios"]
[Result "1-0"]
[WhiteElo "2283"]
[BlackElo "1470"]
[PlyCount "61"]
[EventDate "2004.09.09"]
[EventType "swiss"]
[EventRounds "9"]
[EventCountry "GRE"]
[SourceTitle "EXT 2006"]
[Source "ChessBase"]
[SourceDate "2005.11.24"]
[SourceVersion "1"]
[SourceVersionDate "2005.11.24"]
[SourceQuality "1"]

1. e4 c5 2. Nf3 Nc6 3. d4 cxd4 4. Nxd4 g6 5. c4 Nf6 6. Nc3 Bg7 7. Be3 d6 8. Be2 Bd7 9. 0-0 0-0 10. Qd2 Nxd4 11. Bxd4 Bc6 12. f3 a5 13. b3 Nd7 14. Be3 Re8 15. Rac1 b6 16. Nd5 e6 17. Nc3 Nc5 18. Rfd1 Nb7 19. Bf1 Be5 20. Ne2 Qe7 21. Bxb6 Nc5 22. Qe3 a4 23. b4 Nd7 24. Bd4 Rab8 25. a3 Rbc8 26. Nc3 Ra8 27. Nb5 Bxb5 28. cxb5 Reb8 29. Rc7 Qd8 30. Rxd7 Qxd7 31. Bxe5 1-0

[Event "GRE-ch U20"]
[Site "Chania"]
[Date "2003.04.23"]
[Round "7"]
[White "Koukoufikis, Alexandros"]
[Black "Tsanas, Athanasios"]
[Result "0-1"]
[WhiteElo "2105"]
[BlackElo "2235"]
[PlyCount "48"]
[EventDate "2003.04.??"]
[EventType "swiss"]
[EventRounds "7"]
[EventCountry "GRE"]
[SourceTitle "EXT 2005"]
[Source "ChessBase"]
[SourceDate "2004.11.15"]
[SourceVersion "1"]
[SourceVersionDate "2004.11.15"]
[SourceQuality "1"]

1. g3 g6 2. Bg2 Bg7 3. e4 c5 4. d3 Nc6 5. Nc3 d6 6. Be3 Rb8 7. Qd2 b5 8. f4 b4 9. Nd1 Qb6 10. Nf3 f5 11. h3 Nf6 12. Nh4 0-0 13. 0-0 Bd7 14. Qf2 Qc7 15. e5 dxe5 16. fxe5 Nxe5 17. Bxc5 Nfg4 18. hxg4 Nxg4 19. Qe2 Qxc5+ 20. Kh1 Qd6 21. Nf3 Rbe8 22. Qe1 e5 23. Ne3 e4 24. Nxg4 exf3 0-1

[Event "GRE-ch U20"]
[Site "Chania"]
[Date "2003.04.22"]
[Round "4"]
[White "Stoumbos, Konstantinos"]
[Black "Tsanas, Athanasios"]
[Result "1/2-1/2"]
[WhiteElo "2070"]
[BlackElo "2235"]
[PlyCount "167"]
[EventDate "2003.04.??"]
[EventType "swiss"]
[EventRounds "7"]
[EventCountry "GRE"]
[SourceTitle "EXT 2005"]
[Source "ChessBase"]
[SourceDate "2004.11.15"]
[SourceVersion "1"]
[SourceVersionDate "2004.11.15"]
[SourceQuality "1"]

1. e4 c5 2. Nf3 d6 3. d4 cxd4 4. Nxd4 Nf6 5. Nc3 g6 6. f4 Nc6 7. Nf3 Bg7 8. Bd3 0-0 9. 0-0 b5 10. a3 Rb8 11. Kh1 a6 12. Qe1 b4 13. axb4 Nxb4 14. Qh4 e6 15. f5 Nxd3 16. cxd3 exf5 17. Bg5 h6 18. Bxh6 Bxh6 19. Qxh6 Ng4 20. Qd2 Kg7 21. Nd5 Bb7 22. Qc3+ Kg8 23. h3 Bxd5 24. hxg4 fxe4 25. dxe4 Bxe4 26. Rxa6 Qc8 27. Rxd6 Qxg4 28. Qd4 Bxf3 29. Rxf3 Qxd4 30. Rxd4 Rxb2 31. Rd7 Kg7 32. Kh2 Rb6 33. g4 Rf6 34. Kg3 Rxf3+ 35. Kxf3 Kf6 36. Rd5 Ke6 37. Ra5 Rd8 38. Ke4 Rd6 39. g5 Rb6 40. Kf4 Rb4+ 41. Kf3 Rd4 42. Ke3 Rd5 43. Ra6+ Kf5 44. Rf6+ Kxg5 45. Rxf7 Kg4 46. Kf2 Rd2+ 47. Kf1 Kg3 48. Ra7 Rd1+ 49. Ke2 Rd6 50. Rf7 Kg2 51. Rf2+ Kg3 52. Rf3+ Kg2 53. Rf2+ Kg3 54. Rf3+ Kg4 55. Rf7 Rd4 56. Ke3 Rd5 57. Rf4+ Kh3 58. Rf3+ Kg4 59. Rf4+ Kg3 60. Rf3+ Kg2 61. Rf2+ Kg1 62. Rf4 Kh2 63. Rg4 g5 64. Kf3 Rf5+ 65. Ke4 Ra5 66. Kf3 Kh3 67. Rg3+ Kh4 68. Rg4+ Kh5 69. Rb4 g4+ 70. Kg3 Ra3+ 71. Kg2 Kh4 72. Rb8 Ra2+ 73. Kg1 Kh3 74. Rb3+ g3 75. Rb1 Rc2 76. Ra1 Rc3 77. Rb1 Re3 78. Ra1 Re2 79. Rb1 Rg2+ 80. Kh1 Rd2 81. Kg1 Rd3 82. Ra1 g2 83. Rb1 Kg3 84. Rb3 1/2-1/2

[Event "Aegean op 25th"]
[Site "Aghios Kirykos"]
[Date "2002.07.20"]
[Round "8"]
[White "Tsanas, Athanasios"]
[Black "Managadze, Nikoloz"]
[Result "1/2-1/2"]
[WhiteElo "2176"]
[BlackElo "2428"]
[PlyCount "59"]
[EventDate "2002.07.13"]
[EventType "swiss"]
[EventRounds "9"]
[EventCountry "GRE"]
[SourceTitle "CBM 089 Extra"]
[Source "ChessBase"]
[SourceDate "2002.09.10"]
[SourceVersion "2"]
[SourceVersionDate "2002.09.10"]
[SourceQuality "1"]

1. e4 e6 2. Nf3 d5 3. Nc3 Nf6 4. e5 Nfd7 5. d4 c5 6. dxc5 Bxc5 7. Bd3 Nc6 8. Qe2 a6 9. 0-0 Be7 10. Re1 b5 11. Bd2 0-0 12. Bf4 Nc5 13. a3 Nxd3 14. Qxd3 Bb7 15. Ne2 b4 16. axb4 Nxb4 17. Qd2 Qb6 18. Ned4 Nc6 19. Nxc6 Bxc6 20. Nd4 Bd7 21. Be3 Qb7 22. Rab1 a5 23. Bg5 Bc5 24. Re3 Bxd4 25. Qxd4 Qb4 26. Qd3 Bb5 27. Qd1 Rfc8 28. c3 Qa4 29. b3 Qa2 30. Ra1 1/2-1/2

[Event "GRE-ch U20"]
[Site "Greece"]
[Date "2002.04.30"]
[Round "5.2"]
[White "Tsanas, Athanasios"]
[Black "Tsiamis, Konstantinos"]
[Result "1/2-1/2"]
[WhiteElo "2162"]
[BlackElo "2247"]
[PlyCount "43"]
[EventDate "2002.??.??"]
[EventType "swiss"]
[EventRounds "6"]
[EventCountry "GRE"]
[SourceTitle "EXT 2004"]
[Source "ChessBase"]
[SourceDate "2003.11.25"]
[SourceVersion "1"]
[SourceVersionDate "2003.11.25"]
[SourceQuality "1"]

1. Nf3 Nf6 2. c4 e6 3. g3 a6 4. Bg2 b5 5. b3 c5 6. 0-0 Bb7 7. Nc3 Qb6 8. e3 Be7 9. Qe2 b4 10. Na4 Qc7 11. Bb2 d6 12. h3 0-0 13. Rad1 Nbd7 14. d4 Rfd8 15. Ba1 a5 16. Qb2 Bf8 17. dxc5 Nxc5 18. Nxc5 Qxc5 19. Nh4 Bxg2 20. Nxg2 a4 21. Nf4 axb3 22. axb3 1/2-1/2

[Event "GRE-ch U20"]
[Site "Greece"]
[Date "2002.04.29"]
[Round "4.1"]
[White "Koukoufikis, Alexandros"]
[Black "Tsanas, Athanasios"]
[Result "1-0"]
[WhiteElo "2125"]
[BlackElo "2125"]
[PlyCount "115"]
[EventDate "2002.??.??"]
[EventType "swiss"]
[EventRounds "6"]
[EventCountry "GRE"]
[SourceTitle "EXT 2004"]
[Source "ChessBase"]
[SourceDate "2003.11.25"]
[SourceVersion "1"]
[SourceVersionDate "2003.11.25"]
[SourceQuality "1"]

1. e4 c5 2. Nc3 Nc6 3. g3 g6 4. Bg2 Bg7 5. d3 d6 6. Be3 Rb8 7. f4 b5 8. Qd2 b4 9. Nd1 Qb6 10. Nf3 Nf6 11. h3 Nd4 12. 0-0 Nxf3+ 13. Rxf3 Nd7 14. g4 0-0 15. f5 Bb7 16. Rf2 d5 17. exd5 Nf6 18. d6 exd6 19. g5 Nh5 20. f6 Bh8 21. Bf4 Rfe8 22. Ne3 Bxg2 23. Nxg2 Re6 24. Re1 Rbe8 25. Rxe6 Rxe6 26. Re2 Nxf6 27. Rxe6 fxe6 28. gxf6 Bxf6 29. Ne3 d5 30. Ng4 Bxb2 31. Be5 Bxe5 32. Nxe5 Qc7 33. Qg5 c4 34. Qf6 cxd3 35. Qxe6+ Kg7 36. Nxd3 Qxc2 37. Qe5+ Kh6 38. Qe3+ g5 39. h4 Qb1+ 40. Kf2 Qxa2+ 41. Kg3 Kg7 42. hxg5 Qb3 43. Kh4 Qc4+ 44. Nf4 Qe4 45. Qxa7+ Kg8 46. Qb8+ Kg7 47. Qc7+ Kg8 48. Qd8+ Kg7 49. Qf6+ Kg8 50. Kh5 Qh1+ 51. Kg4 Qe4 52. Kg3 Qe3+ 53. Kh4 Qe4 54. Qd8+ Kg7 55. Qd7+ Kg8 56. Kg4 Kh8 57. Qf7 h5+ 58. gxh6 1-0

[Event "GRE-ch U20"]
[Site "Greece"]
[Date "2002.04.29"]
[Round "3.1"]
[White "Tsanas, Athanasios"]
[Black "Sigalas, Frangiskos"]
[Result "1-0"]
[WhiteElo "2125"]
[BlackElo "2120"]
[PlyCount "65"]
[EventDate "2002.??.??"]
[EventType "swiss"]
[EventRounds "6"]
[EventCountry "GRE"]
[SourceTitle "EXT 2004"]
[Source "ChessBase"]
[SourceDate "2003.11.25"]
[SourceVersion "1"]
[SourceVersionDate "2003.11.25"]
[SourceQuality "1"]

1. c4 Nf6 2. g3 g6 3. Bg2 Bg7 4. Nc3 0-0 5. d3 d6 6. e4 e5 7. Nge2 Nc6 8. 0-0 Nh5 9. Nd5 Be6 10. Be3 f5 11. exf5 Bxf5 12. h3 Be6 13. g4 Nf6 14. Bg5 Qd7 15. Qd2 Kh8 16. Rac1 Ng8 17. Be3 Rf7 18. d4 Raf8 19. dxe5 dxe5 20. b3 h5 21. gxh5 gxh5 22. Bc5 Bh6 23. Qc3 Bxc1 24. Bxf8 Rxf8 25. Rxc1 Qg7 26. Qg3 Rf7 27. Qh4 Nd4 28. Nxd4 exd4 29. Nf4 Qh6 30. Ne2 c5 31. Rd1 Bf5 32. Qf4 Qxf4 33. Nxf4 1-0

[Event "GRE-ch U20"]
[Site "Greece"]
[Date "2002.04.28"]
[Round "2.3"]
[White "Tsanas, Athanasios"]
[Black "Panagiotopoulos, Orestis"]
[Result "1-0"]
[WhiteElo "2125"]
[BlackElo "2100"]
[PlyCount "117"]
[EventDate "2002.??.??"]
[EventType "swiss"]
[EventRounds "6"]
[EventCountry "GRE"]
[SourceTitle "EXT 2004"]
[Source "ChessBase"]
[SourceDate "2003.11.25"]
[SourceVersion "1"]
[SourceVersionDate "2003.11.25"]
[SourceQuality "1"]

1. c4 e6 2. g3 d5 3. Bg2 Nf6 4. Nf3 Be7 5. 0-0 0-0 6. Qc2 c5 7. d4 cxd4 8. Nxd4 Nc6 9. Nxc6 bxc6 10. b3 a5 11. Nc3 Ba6 12. Rd1 Qb6 13. Na4 Qb7 14. Rb1 Rfd8 15. Bd2 Bb4 16. Bg5 Be7 17. e4 Nxe4 18. Bxe7 Qxe7 19. Bxe4 dxe4 20. Qxe4 Qc7 21. Nc5 Bb7 22. h4 Rac8 23. Kf1 h6 24. Ke1 Ba8 25. Qe3 Bb7 26. f4 Ba8 27. Rxd8+ Rxd8 28. Rd1 Rxd1+ 29. Kxd1 Bb7 30. Qe5 Qd8+ 31. Kc2 Bc8 32. Kc1 Qf8 33. Qd4 f6 34. Kb2 Qe7 35. Qe3 Kf7 36. Ka3 Qc7 37. Qd4 Ke7 38. Ne4 Kf7 39. Qc5 Bd7 40. Nd6+ Kg8 41. h5 Qd8 42. Nb7 Qc7 43. Nxa5 e5 44. fxe5 fxe5 45. b4 e4 46. Nb3 Qxg3 47. Qe7 Qd3 48. Qe5 e3 49. Qd4 Qxd4 50. Nxd4 Bg4 51. Kb3 e2 52. Nxe2 Bxe2 53. a4 g5 54. a5 Bf3 55. a6 c5 56. b5 g4 57. b6 g3 58. b7 g2 59. b8Q+ 1-0

[Event "GRE-ch U20"]
[Site "Greece"]
[Date "2002.04.27"]
[Round "1.4"]
[White "Siembos, K."]
[Black "Tsanas, Athanasios"]
[Result "0-1"]
[WhiteElo "1770"]
[BlackElo "2125"]
[PlyCount "94"]
[EventDate "2002.??.??"]
[EventType "swiss"]
[EventRounds "6"]
[EventCountry "GRE"]
[SourceTitle "EXT 2004"]
[Source "ChessBase"]
[SourceDate "2003.11.25"]
[SourceVersion "1"]
[SourceVersionDate "2003.11.25"]
[SourceQuality "1"]

1. e4 c5 2. c3 Nf6 3. e5 Nd5 4. d4 cxd4 5. cxd4 e6 6. Nf3 b6 7. Bc4 Bb7 8. 0-0 Be7 9. Bxd5 Bxd5 10. Nc3 Bc4 11. Re1 0-0 12. d5 exd5 13. Nxd5 Nc6 14. Nxe7+ Nxe7 15. Bg5 h6 16. Bh4 Qe8 17. Nd4 Be6 18. Nb5 Nf5 19. Nc7 Qb8 20. Nxe6 dxe6 21. Qg4 Kh7 22. f3 Qb7 23. Qe4 Qxe4 24. Rxe4 Rac8 25. Be1 Rfd8 26. Bc3 Ne7 27. Rc1 Nd5 28. Kf2 b5 29. a3 a5 30. Bxa5 Rxc1 31. Bxd8 Kg8 32. Ba5 Kf8 33. Bb4+ Ke8 34. h4 g6 35. g4 Rh1 36. Kg2 Rb1 37. Bc3 Kd7 38. Kf2 Kc6 39. Re1 Nxc3 40. bxc3 Rb3 41. Re3 Rxa3 42. Ke2 Kc5 43. Kd2 Ra2+ 44. Kd3 Rf2 45. c4 bxc4+ 46. Kc3 Kd5 47. h5 g5 0-1

[Event "Glyfada op 3rd"]
[Site "Glyfada"]
[Date "2001.09.07"]
[Round "8"]
[White "Managadze, Nikoloz"]
[Black "Tsanas, Athanasios"]
[Result "1-0"]
[WhiteElo "2420"]
[BlackElo "2171"]
[PlyCount "49"]
[EventDate "2001.08.31"]
[EventType "swiss"]
[EventRounds "9"]
[EventCountry "GRE"]
[SourceTitle "EXT 2002"]
[Source "ChessBase"]
[SourceDate "2001.11.25"]
[SourceVersion "1"]
[SourceVersionDate "2001.11.25"]
[SourceQuality "1"]

1. d4 Nf6 2. g3 d5 3. c4 e6 4. Bg2 Be7 5. Nf3 0-0 6. 0-0 dxc4 7. Ne5 Nc6 8. Nxc6 bxc6 9. Bxc6 Rb8 10. Nc3 Bb7 11. Bxb7 Rxb7 12. e4 Qd7 13. Qf3 Rfb8 14. Rd1 Bb4 15. Bg5 Bxc3 16. bxc3 Ne8 17. Bf4 f6 18. Qe2 Qa4 19. e5 Rb2 20. Qf3 Rxa2 21. Rxa2 Qxa2 22. Qc6 Qc2 23. Qxe6+ Kh8 24. Rc1 Qg6 25. Qxc4 1-0

[Event "Glyfada op 3rd"]
[Site "Glyfada"]
[Date "2001.09.06"]
[Round "7"]
[White "Tsanas, Athanasios"]
[Black "Koskinen, Henri"]
[Result "1-0"]
[WhiteElo "2171"]
[BlackElo "2321"]
[PlyCount "95"]
[EventDate "2001.08.31"]
[EventType "swiss"]
[EventRounds "9"]
[EventCountry "GRE"]
[SourceTitle "EXT 2002"]
[Source "ChessBase"]
[SourceDate "2001.11.25"]
[SourceVersion "1"]
[SourceVersionDate "2001.11.25"]
[SourceQuality "1"]

1. Nf3 g6 2. c4 d6 3. d4 Bg7 4. Nc3 Nf6 5. e4 0-0 6. Be2 e5 7. d5 a5 8. Be3 Na6 9. Nd2 Qe7 10. 0-0 Kh8 11. a3 Ng8 12. b4 Bh6 13. Bxh6 Nxh6 14. Nb3 axb4 15. axb4 Rb8 16. Qd2 Kg7 17. b5 Nc5 18. Nxc5 dxc5 19. b6 cxb6 20. Qb2 b5 21. Nxb5 f6 22. Ra7 Nf7 23. Qa3 Bd7 24. Rb1 Bxb5 25. Rxb5 Rfc8 26. Bg4 Rc7 27. Rb6 Nd6 28. Qd3 Rd8 29. Be6 Ne8 30. h4 Rd6 31. Rxd6 Qxd6 32. Ra8 Re7 33. Qb3 h5 34. Qg3 Kh7 35. Bf5 gxf5 36. exf5 Rg7 37. Qf3 Rg4 38. Rxe8 Qb6 39. g3 e4 40. Qe3 Qb1+ 41. Kg2 Qd3 42. Re7+ Kg8 43. Kh2 Qd4 44. Rxb7 Qe5 45. d6 Rg7 46. Rxg7+ Kxg7 47. Qd2 e3 48. fxe3 1-0